Catalog

Record Details

Catalog Search



Joshua : a parable for today  Cover Image Book Book

Joshua : a parable for today / Joseph F. Girzone.

Girzone, Joseph F. (Author).

Record details

  • ISBN: 0020198906
  • ISBN: 0684813467
  • Physical Description: 271 pages ; 21 cm.
  • Publisher: New York : Macmillan, c1987.

Content descriptions

General Note:
"Collier books."
Subject: Joshua (Biblical figure) > Fiction.
Roman Catholic Church > Fiction.
Interpersonal relations > Fiction.
Genre: Religious fiction

LDR 00909cam a2200289 a 4500
001116830
003CONS
00520190612081448.0
008870324s1987 nyu 000 1 eng
010 . ‡a 87010274
020 . ‡a0020198906 ‡q(paperback)
020 . ‡a0684813467
035 . ‡a(CPomAG)LMN311602
0500 . ‡aPS3557.I77 ‡bJ6 1987
0820 . ‡a813/.54 ‡219
1001 . ‡aGirzone, Joseph F.
24510. ‡aJoshua : ‡ba parable for today / ‡cJoseph F. Girzone.
260 . ‡aNew York : ‡bMacmillan, ‡cc1987.
300 . ‡a271 pages ; ‡c21 cm.
500 . ‡a"Collier books."
60010. ‡aJoshua (Biblical figure) ‡vFiction.
650 0. ‡aRoman Catholic Church ‡vFiction.
650 0. ‡aInterpersonal relations ‡vFiction.
655 7. ‡aReligious fiction ‡2lcgft
914 . ‡aNWS_tc
959 . ‡i32269000123979 ‡lF Gir ‡aAdult - Fiction ‡tFiction ‡g8.95
852 . ‡p32269000123979 ‡jF Gir ‡gAdult - Fiction ‡cFiction ‡y8.95 ‡bSBPL
901 . ‡a116830 ‡bUnknown ‡c116830 ‡tbiblio

Additional Resources